00455nam a2200157 a 450000500170000000800410001702000180005805000250007610000160010124500410011726000470015830000340020552100070023965000240024665000270027020140310183459.0091208s19uu xx 00 eng d a9781598630640 aTR 897.7b.P356 2007 aPardew, Les aGame character animation all in one. aU.S.A :bThomson Course Technology,c2007. a509 p. :bcol. ill. ;c26 cm. aMA aComputer animation. aVideo game characters.